[Event "Salon de Provence op"]
[Site "Salon de Provence"]
[Date "2023.07.12"]
[Round "7.1"]
[White "Kodjabachian, Julien"]
[Black "Omelja, Artem"]
[Result "1/2-1/2"]
[WhiteElo "1819"]
[BlackElo "2457"]
[PlyCount "129"]
[EventDate "2023.07.08"]
[EventType "swiss"]
[EventRounds "9"]
[EventCountry "FRA"]
[SourceTitle "EXT 2024"]
[Source "ChessBase"]
[SourceDate "2023.10.10"]
[SourceVersion "1"]
[SourceVersionDate "2023.10.10"]
[SourceQuality "1"]

1. e4 e6 2. d4 d5 3. Nd2 c5 4. exd5 Qxd5 5. Ngf3 cxd4 6. Bc4 Qd6 7. Qe2 Nf6 8. Nb3 Nc6 9. Bg5 a6 10. 0-0-0 b5 11. Bd3 Bb7 12. Nbxd4 Nxd4 13. Nxd4 0-0-0 14. Nf3 Qc7 15. Kb1 Bc5 16. Bh4 Kb8 17. Bg3 Bd6 18. c3 Bxg3 19. hxg3 h5 20. Qe5 Ng4 21. Qe2 Qc5 22. Rhf1 Rd6 23. Bc2 Rhd8 24. Rxd6 Rxd6 25. Ne1 Qb6 26. f3 Ne3 27. Rh1 g6 28. Nd3 Nc4 29. b3 Qe3 30. Re1 Na3+ 31. Kb2 Qxe2 32. Rxe2 Nxc2 33. Kxc2 Bc6 34. Ne5 Be8 35. Rd2 Kc7 36. c4 f6 37. Rxd6 Kxd6 38. Nd3 bxc4 39. bxc4 g5 40. Kc3 a5 41. Nc1 Bc6 42. Nb3 h4 43. gxh4 gxh4 44. c5+ Kc7 45. Nd4 Bd5 46. a3 f5 47. Kd3 f4 48. Ke2 e5 49. Nf5 Kc6 50. Nxh4 Bc4+ 51. Kf2 Kxc5 52. Ng6 Kd4 53. g3 Bf7 54. Ne7 Be8 55. gxf4 exf4 56. Ke2 a4 57. Kd2 Kc4 58. Kc2 Kd4 59. Kd2 Bh5 60. Nc6+ Kd5 61. Nb4+ Kc4 62. Nd3 Kb3 63. Nxf4 Bxf3 64. Nd3 Kxa3 65. Nc5 1/2-1/2